000 00561nam a2200169 a 4500
003 ViArRB
005 20250326102523.0
008 960221s1955 dcuabcdjdbkoqu001 0deng d
100 _aBristow, Robert
245 _aCochin Saga
250 _a2nd ed
260 _aCochin
_bPaico Publishing House
_c1967
300 _axvi, 264p.
500 _a Bibliog. P. 543-546
653 _aIndustrial management
_aAdvanced Management
_aManagemnet
_aBusiness administration
_aManagement
_aMarketing
_aPersonnel management
_aJob analysis
_aPersonal management
_aBusiness
942 _cOO
999 _c26987
_d26986